000 00518nam a2200229Ia 4500
003 IT-RoPAU
008 120407s9999 xx 000 0 und d
040 _aIT-RoPAU
040 _cIT-RoPAU
041 _aita
100 _aOtto Hermann Pesch
245 _aLiberi per grazia. Antropologia teologica
250 _aBrescia
260 _aQueriniana
260 _c1988
300 _a609 p.
300 _c23 cm
490 _aBiblioteca di teologia contemporanea
490 _v54
942 _cBK
999 _c36032
_d36032